00682cam a2200181 a 4500020002200000040000800022082002600030100002500056245003000081260004100111300004600152650001500198856006200213856005400275942000700329999001700336952014700353 a0697165744 (pbk.) cDLC00a540 BRO 1997 A034 Or.1 aGebelein, Charles G.10aChemistry and our world / aDubuque, IA :bWm. C. Brown,cc1997. axvi, 609 p. :bill. (some col.) ;c28 cm. 0aChemistry.42uhttp://www.loc.gov/catdir/description/mh022/95083494.html41uhttp://www.loc.gov/catdir/toc/mh022/95083494.html cEK c12509d12509 0010406540_000000000000000_BRO_1997_A034_OR70962317aLBAbLBAcA034d2017-08-14o540 BRO 1997 A034 Or.pA17022r2017-08-14w2017-08-14yEK